[Event "32nd European Club Cup"]
[Site "Novi Sad"]
[Date "2016.11.06"]
[Round "1.29"]
[White "Williams, A. Howard"]
[Black "Arnaudov, G. Petar"]
[Result "0-1"]
[WhiteElo "2323"]
[BlackElo "2471"]
[PlyCount "69"]
[EventDate "2016.11.06"]
[WhiteTeam "CAR"]
[BlackTeam "GAM"]

1. d4 Nf6 2. c4 Nc6 3. Nf3 e6 4. g3 d5 5. Bg2 dxc4 6. Qa4 Bb4+ 7. Bd2 Nd5 8.
Bxb4 Ndxb4 9. O-O Rb8 10. Nc3 a6 11. a3 b5 12. Qd1 Nd5 13. Ne4 Nf6 14. Nc5 Nd7
15. Ne4 Bb7 16. Qc2 O-O 17. Rad1 Qe7 18. Nc3 Nb6 19. e4 Na5 20. Rfe1 h6 21. d5
e5 22. Nh4 Nb3 23. Nf5 Qc5 24. Ne2 Bc8 25. Qc3 Bxf5 26. exf5 Rfe8 27. h3 Rbd8
28. Qe3 Nd4 29. Nc3 Qf8 30. Be4 Nb3 31. Bc2 b4 32. Bxb3 bxc3 33. Bxc4 c2 34. d6
cxd1=Q 35. Rxd1 0-1

[Event "32nd European Club Cup"]
[Site "Novi Sad"]
[Date "2016.11.06"]
[Round "1"]
[White "Stojcevski, Z."]
[Black "Van Kemenade, R."]
[Result "1-0"]
[WhiteElo "2316"]
[BlackElo "1969"]
[PlyCount "115"]
[EventDate "2016.11.06"]

1. e4 e5 2. f4 exf4 3. Bc4 f5 4. Qe2 Qh4+ 5. Kf1 fxe4 6. Nc3 Nf6 7. Nf3 Qh6 8.
Nxe4 Be7 9. d4 Rf8 10. Bd2 Ng4 11. Re1 Ne3+ 12. Bxe3 fxe3 13. Qxe3 Qxe3 14.
Rxe3 Nc6 15. c3 Kd8 16. Ke1 Na5 17. Bd3 d5 18. Ng3 Nc4 19. Bxc4 dxc4 20. Ne5
Bg5 21. Re2 b5 22. Ne4 Bf6 23. Nc5 Bxe5 24. Rxe5 Re8 25. Rxe8+ Kxe8 26. Kd2 Rb8
27. Re1+ Kf7 28. Re5 Rb6 29. Ne4 Bb7 30. d5 h6 31. Ke3 b4 32. Kd4 bxc3 33. bxc3
Rb2 34. Rf5+ Kg6 35. Rf2 Rb5 36. Nc5 Ba8 37. Rf8 Bxd5 38. Kxd5 Rb2 39. Ne6 Rxa2
40. Rf3 Kh7 41. Rg3 g5 42. Nxc7 Kg6 43. Kxc4 Kf5 44. Nd5 h5 45. h3 Rd2 46. Kc5
a5 47. c4 Kg6 48. h4 g4 49. Re3 Kf5 50. g3 Rf2 51. Kd6 Rf3 52. Re5+ Kg6 53.
Nf4+ Rxf4 54. gxf4 a4 55. c5 a3 56. c6 a2 57. Ra5 g3 58. Rxa2 1-0

[Event "32nd European Club Cup"]
[Site "Novi Sad"]
[Date "2016.11.08"]
[Round "3"]
[White "Van Kemenade, R."]
[Black "Ranaldi, L."]
[Result "0-1"]
[WhiteElo "1969"]
[BlackElo "2292"]
[PlyCount "68"]
[EventDate "2016.11.06"]

1. f4 g6 2. Nf3 Bg7 3. g3 Nf6 4. Bg2 O-O 5. d3 d5 6. O-O c5 7. c3 Nc6 8. Qe1 d4
9. Na3 Nd5 10. Bd2 Rb8 11. h3 e6 12. Nc2 b5 13. Ng5 Qb6 14. Kh2 h6 15. Nf3 dxc3
16. bxc3 b4 17. c4 Nc3 18. Ne3 Bb7 19. Ng4 Nd4 20. Nxd4 Bxg2 21. Kxg2 cxd4 22.
Ne5 Qc7 23. Nf3 a5 24. g4 f5 25. Ne5 Kh7 26. Rf3 Bxe5 27. fxe5 fxg4 28. hxg4
Qxe5 29. Rh3 g5 30. e4 Rf6 31. Rh5 Kg7 32. Qh1 Rbf8 33. Bxg5 Rf2+ 34. Kg1 Qg3+
0-1

[Event "32nd European Club Cup"]
[Site "Novi Sad"]
[Date "2016.11.09"]
[Round "4.30"]
[White "Barrett, S."]
[Black "Van Kemenade, R."]
[Result "1-0"]
[WhiteElo "2181"]
[BlackElo "1969"]
[PlyCount "69"]
[EventDate "2016.11.06"]
[WhiteTeam "White Rose"]
[BlackTeam "Cardigan"]

1. d4 Nf6 2. Nf3 g6 3. c4 Bg7 4. Nc3 O-O 5. Bg5 h6 6. Bh4 d6 7. e3 Nbd7 8. Be2
e5 9. Qc2 a6 10. Rd1 Qe8 11. O-O g5 12. Bg3 Nh5 13. Nxg5 hxg5 14. Bxh5 Bf6 15.
Ne4 Bd8 16. f4 gxf4 17. exf4 exd4 18. Rxd4 Qe6 19. f5 Qh6 20. Qe2 Bf6 21. Nxf6+
Nxf6 22. Rh4 Qg5 23. Rff4 Bxf5 24. Qf3 Be4 25. Rxe4 Nxe4 26. Rxe4 Qc1+ 27. Be1
f5 28. Re7 Qg5 29. Qd5+ Kh8 30. Bc3+ Rf6 31. Qf7 Qc1+ 32. Kf2 Qf4+ 33. Bf3 Qh4+
34. Kg1 Rf8 35. Qxf8# 1-0

[Event "32nd European Club Cup"]
[Site "Novi Sad"]
[Date "2016.11.10"]
[Round "5"]
[White "Waterfield, J."]
[Black "Van Kemenade, J."]
[Result "1-0"]
[WhiteElo "1986"]
[BlackElo "1703"]
[PlyCount "51"]
[EventDate "2016.11.06"]

1. e4 d6 2. d4 Nf6 3. Nc3 c6 4. f4 Qa5 5. Bd3 e5 6. Nf3 exd4 7. Nxd4 g6 8. Qe2
Nbd7 9. Be3 Bg7 10. O-O-O O-O 11. g4 b5 12. Nxc6 Qc7 13. Ne7+ Kh8 14. g5 Nh5
15. Nxb5 Qa5 16. Bc4 a6 17. Nxd6 Nc5 18. Qd2 Qc7 19. Nexc8 Raxc8 20. Nxc8 Rxc8
21. Qd6 Bxb2+ 22. Kxb2 Na4+ 23. Ka1 Qa5 24. Bd4+ Kg8 25. Qe5 Qxe5 26. Bxe5 1-0